Top 10 des marques de téléphones - 2021 - Statistiques

Statistiques générales
  • Ce quiz a été pris 5 227 fois
  • Le résultat moyen est 4 sur 10
Statistiques - réponses
Classement Fabricant % Correct
1_ Apple - iPhone
99%
7_ Samsung
99%
3_ Huaweï
57%
8_ Xiaomi
52%
5_ Oppo
37%
10_ Sony
22%
2_ Honor
15%
4_ OnePlus
7%
9_ Microsoft
6%
6_ Realme
3%
Aucun quiz correspondant
Distribution des résultats
% des personnes avec chaque résultat
Percentile par nombre de réponses
Votre historique - résultats
Vous n’avez pas pris ce quiz